|
|
|
|
| LEADER |
00904nam a22002177a 4500 |
| 001 |
19174 |
| 003 |
BD-DhAAL |
| 008 |
230621r20071999ii ||||| |||| 00| 0 ben d |
| 040 |
|
|
|a BD-DhAAL
|c BD-DhAAL
|
| 041 |
|
|
|a ben
|
| 082 |
|
|
|a 891.44
|2 23
|
| 100 |
|
|
|a মজুমদার, অভীক.
|9 54855
|
| 245 |
|
|
|a জিরোজিও /
|c অভীক মজুমদার.
|
| 260 |
|
|
|a কলকাতা :
|b প্যাপিরাস,
|c ১৯৯৯ [তৃতীয় সংস্করণ ২০০৭].
|
| 300 |
|
|
|a ২৮ পৃষ্ঠা ;
|c ১৮ সে.মি.
|
| 541 |
|
|
|e 19174
|
| 650 |
|
|
|a Bengali literature.
|
| 852 |
|
|
|a Ayesha Abed Library
|c General Stacks
|
| 942 |
|
|
|2 ddc
|c BK
|
| 999 |
|
|
|c 45915
|d 45915
|
| 952 |
|
|
|0 0
|1 0
|2 ddc
|4 0
|6 891_440000000000000_MAJ
|7 0
|9 73853
|a BIGD
|b BIGD
|c GEN
|d 2023-06-21
|g 33.00
|l 0
|o 891.44 MAJ
|p 3050019174
|r 2023-06-21
|t 1
|w 2023-06-21
|y BK
|x Transferred from BDI to BIGD ; Rs 25.00
|